000 00688nam a2200265Ia 4500
005 20250425162223.0
008 250425s9999 xx 000 0 und d
020 _a9284405122
041 _aspa
043 _asp
082 _a338.4791
_pORG
110 _aOrganización Mundial Del Turismo, OMT
245 0 _aLa incidencia de la explotación sexual de los niños en el turismo
250 _aPrimera edición
260 _aEspaña
_bOrganización Mundial Del Turismo
_c2002
260 _aMadrid
300 _a179 página
650 _aAsia
650 _aExplotación
650 _aNiños
650 _aSexualidad
650 _aTurismo
942 _c01
010 _a57767
999 _c224802
_d224802